Manual de vacunas de Latinoamérica / (Registro nro. 800)

Detalles MARC
000 -LEADER
fixed length control field 01574 am a2200409 a 4500
005 - FECHA ULTIMA MODIFICACION
control field 20240529133145.0
008 - CAMPO DE CONTROL (LIBRO)
fixed length control field 110328s2005||||xx d f |||| 001 0 spa d
041 ## - CODIGO DE IDIOMA
Código de idioma del texto/pista de sonido o título separado spa
092 ## - SIGNATURA TOPOGRAFICA DEWEY LOCAL
número de clasificación 614.4
libristica 84
sección TRE
100 1# - ENTRADA PRINCIPAL--NOMBRE PERSONAL
Nombre personal Tregnaghi, Miguel W.
9 (RLIN) 670
245 ## - TITULO PROPIAMENTE DICHO
Título Manual de vacunas de Latinoamérica /
Mención de responsabilidad y remanente de la transcripción de la portada Miguel W. Tregnachi.
250 ## - MENCION DE EDICION
Mención de edición 3a ed.
260 ## - PIE DE IMPRENTA
Lugar de publicación, distribución, etc S/L:
Nombre de la editorial, distribuidor, etc Asociación Panamericana de Infectología ; S.L.I.P.E;
Fecha de publicación 2005.
300 ## - DESCRIPCION FISICA
Extension 620 p.
500 ## - NOTA GENERAL
Nota general Tregnaghi, M. W. (2005). Manual de vacunas de Latinoamérica. (3a ed.). S/L : Asociación Panamericana de Infectología ; S.L.I.P.E.
590 ## - NOTAS LOCALES (RLIN)
Nota local Donación de Mariela Ruocco, Feb. 2011.
653 ## - TÉRMINO INDIZADO - PALABRAS CLAVES
Palabra clave Bases inmunológicas de las vacunas
653 ## - TÉRMINO INDIZADO - PALABRAS CLAVES
Palabra clave Conservación y manipulación de las vacunas
653 ## - TÉRMINO INDIZADO - PALABRAS CLAVES
Palabra clave Técnicas de administración de las vacunas
653 ## - TÉRMINO INDIZADO - PALABRAS CLAVES
Palabra clave Intercambio de vacunas
653 ## - TÉRMINO INDIZADO - PALABRAS CLAVES
Palabra clave Vacunaciones sistemáticas
653 ## - TÉRMINO INDIZADO - PALABRAS CLAVES
Palabra clave Vacunaciones no sistemáticas
653 ## - TÉRMINO INDIZADO - PALABRAS CLAVES
Palabra clave Calendarios vacunales
653 ## - TÉRMINO INDIZADO - PALABRAS CLAVES
Palabra clave Vacunaciones en adolescentes
653 ## - TÉRMINO INDIZADO - PALABRAS CLAVES
Palabra clave Vacunaciones en situaciones especiales
653 ## - TÉRMINO INDIZADO - PALABRAS CLAVES
Palabra clave Vacunas en actuaciones de epidemia
653 ## - TÉRMINO INDIZADO - PALABRAS CLAVES
Palabra clave Vacunaciones rutinarias en adulto
653 ## - TÉRMINO INDIZADO - PALABRAS CLAVES
Palabra clave Vacunaciones del viajero
653 ## - TÉRMINO INDIZADO - PALABRAS CLAVES
Palabra clave Inmunización en el personal de salud
653 ## - TÉRMINO INDIZADO - PALABRAS CLAVES
Palabra clave Inmunizaciones para el futuro
653 ## - TÉRMINO INDIZADO - PALABRAS CLAVES
Palabra clave Inmunización pasiva
653 ## - TÉRMINO INDIZADO - PALABRAS CLAVES
Palabra clave Reacciones adversas de las vacunas y farmacovigilancia
653 ## - TÉRMINO INDIZADO - PALABRAS CLAVES
Palabra clave Urgencias relacionadas con la vacunación
653 ## - TÉRMINO INDIZADO - PALABRAS CLAVES
Palabra clave Etica de la inmunización
930 ## - NUMERO DE INVENTARIO
Número de inventario 2185
942 ## - ADDED ENTRY ELEMENTS (KOHA)
Source of classification or shelving scheme Dewey Decimal Classification
Item type Libros
Existencias
Estado de retiro Existencia Fuente de clasificación Estado general No para prestamo Colección Ubicación permanente ubicación actual Sala de ubicación Fecha de adquisición Total Checkouts Número de clasificación Código de barras Date last seen Date last borrowed Número de ejemplar Price effective from Koha tipo de elemento (item) Public note
    Dewey Decimal Classification     Reference Biblioteca Medicina Biblioteca Medicina Referencia 13/05/2011 2 614.4 84 TRE 2185 06/11/2014 11/06/2013 ej.1 13/05/2011 Reference LIBRO DE CONSULTA

UNIVERSIDAD NACIONAL DEL COMAHUE
Biblioteca de la Facultad de Ciencias Médicas
Sede Toschi: Los Arrayanes y Av. Toschi, Cipolletti  - Rio Negro
Sede Los Tordos:  Yrigoyen al 2211, Cipolletti - Rio Negro 

Teléfono: 0299 - 4774707 int 25
Contacto: biblioteca@facimed.uncoma.edu.ar
© 2011 - 2026